Pick the Valid Answer - Statistics

General Stats
  • This quiz has been taken 32 times
  • The average score is 4 of 7
Answer Stats
Question Answer % Correct
Was a part of the USSR Russia
94%
Was beaten by`Rome Carthage
72%
In the EU Hungary
53%
Which country was neutral in ww1? Netherlands
53%
Is a part of NATO Luxembourg
50%
Was in the allied powers in ww2 Mexico
25%
Is a part of BRICS UAE
22%
No matching quizzes found
Score Distribution
Percent of People with Each Score
Percentile by Number Answered
Your Score History
You have not taken this quiz